Science Quiz

Random Science or Animal Quiz

Heaviest Flighted Birds Quiz Stats

Quiz Updated Oct 22, 2014

Challenge
Share
Tweet
Embed
Score 0/10 Timer 03:00
2 Plays Today
Approximate weight Bird Family % Correct
11 to 20 lbSea Eagle (Steller's Sea Eagle)
88.2%
15 to 31 lbVulture (Eurasian Black Vulture)
55.9%
14 to 26 lbAlbatross (Wandering Albatross)
52.2%
11 to 24 lbWild Turkey
50.2%
24 to 33 lbCondor (Andean Condor)
49.7%
10 to 22 lbPelican (Great White Pelican)
41.2%
26 to 33 lbSwan (Mute Swan)
32.9%
11 to 26 lbCrane (Sarus Crane)
24.8%
10 to 18 lbStork (Marabou Stork)
24.3%
24 to 35 lbBustard (Kori Bustard)
8.9%

You're not logged in!

Compare scores with friends on all Sporcle quizzes.
Join for Free
OR
Log In

You Might Also Like...

Show Comments

Extras

Top Quizzes Today


Score Distribution

Your Account Isn't Verified!

In order to create a playlist on Sporcle, you need to verify the email address you used during registration. Go to your Sporcle Settings to finish the process.

Report this User

Report this user for behavior that violates our Community Guidelines.

Details: